Naturama : (Registro nro. 11412)
[ vista simple ]
| 000 -LIDER | |
|---|---|
| fixed length control field | 00971nam a22003017a 4500 |
| 003 - IDENTIFICACDOR DE NÚMERO DE CONTROL | |
| control field | DO-SdBNP |
| 005 - DATE AND TIME OF LATEST TRANSACTION | |
| control field | 20171120130934.0 |
| 008 - ELEMENTOS DE LONGITUD FIJA | |
| fixed length control field | 160916b 1986 sp||||| |||| 00| 0 spa d |
| 020 ## - ISBN | |
| International Standard Book Number | 847208051X |
| 040 ## - FUENTE DE CATALOGACIÓN | |
| Agencia que crea de manera original el registro | BPMSU |
| Idioma de catalogación | spa |
| Agencia que realiza la transcripción | BPMSU |
| 082 #4 - NÚMERO DE CLASIFICACIÓN DECIMAL DE DEWEY | |
| Classification number | R615.535 |
| Item number | S358n, 1986 |
| 100 ## - ASIENTO PRINCIPAL -- NOMBRE PERSONAL | |
| Nombre personal | Schneider, Ernst |
| 245 10 - MENCIÓN DE TITULO | |
| Título | Naturama : |
| Subtítulo | enciclopedia científica de medicina natural / |
| Mención de responsabilidad | Ernest Schneider ; presentación prof. Dr. M. Armijo |
| 260 ## - PUBLICACIÓN, DISTRIBUCIÓN, ETC. (PIE DE IMPRENTA) | |
| Lugar de publicación, distribución, etc | Madrid : |
| Nombre del editor, distribuidor, etc. | Editorial Safeliz, |
| Fecha de publicación, distribución, etc | 1986 |
| 300 ## - DESCRIPCIÓN FÍSICA | |
| Extensión | v. : |
| Otros detalles físicos | il. : |
| Dimensiones | 26 cm |
| 500 ## - NOTA GENERAL | |
| Nota general | La biblioteca posee el v.2 |
| 500 ## - NOTA GENERAL | |
| Nota general | Incluye índice |
| 500 ## - NOTA GENERAL | |
| Nota general | Incluye índice |
| 504 ## - NOTA DE BIBLIOGRAFÍA, ETC. | |
| Bibliography, etc | Bibliografía p.: 875-891 |
| 505 ## - NOTA DE CONTENIDO | |
| Información miscelánea | v.2 - |
| Texto normalizado de contenido | Las enfermedades y sus posibilidades de tratamiento |
| 650 #4 - ENCABEZAMIENTO DE MATERIA--TEMÁTICO | |
| Término temático o nombre geográfico como elemento de entrada | NATUROPATIA |
| 650 #4 - ENCABEZAMIENTO DE MATERIA--TEMÁTICO | |
| Término temático o nombre geográfico como elemento de entrada | TERAPÉUTICA FISIOLÓGICA |
| 700 12 - ASIENTO SECUNDARIO -- NOMBRE PERSONAL | |
| Nombre personal | Armino, M. |
| 910 ## - VALIDACIÓN | |
| Validación | Validado. Control de calidad MFF |
| 942 ## - ADDED ENTRY ELEMENTS (KOHA) | |
| Source of classification or shelving scheme | Dewey Decimal Classification |
| Koha item type | Libros |
| 945 ## - INFORMACIÓN DE PROCESAMIENTO LOCAL | |
| Información de procesamiento local | Inventariado, 2017/MFF |
| 956 ## - LOCAL ELECTRONIC LOCATION AND ACCESS (OCLC) | |
| Nombre de host | dgarcia |
| Withdrawn status | Lost status | Source of classification or shelving scheme | Damaged status | Not for loan | Collection code | Home library | Current library | Date acquired | Source of acquisition | Total Checkouts | Full call number | Barcode | Date last seen | Price effective from | Koha item type |
|---|---|---|---|---|---|---|---|---|---|---|---|---|---|---|---|
| Dewey Decimal Classification | Colección de Referencia General | Biblioteca Pública Metropolitana Salomé Ureña | Biblioteca Pública Metropolitana Salomé Ureña | 09/16/2016 | Donación | R 615.535 S358n 1986 v.2 | BPMSU16090354 | 09/16/2016 | 09/16/2016 | Libros |